Mechanics of wood and wood composites /

Bibliographic Details
Main Author: Bodig, Jozsef
Other Authors: Jayne, Benjamin A.
Format: Book
Language:English
Published: New York : Van Nostrand Reinhold, [1982]
Subjects:

MARC

Tag First Indicator Second Indicator Subfields
LEADER 00000pam a2200000 a 4500
001 in00000086348
005 20151008062654.0
008 810609s1982 nyua b 00110 eng
010 |a  81010489  
020 |a 0442008228 
035 |a (OCoLC)07573105 
035 |9 AAK0707AM 
039 0 |a 2  |b 3  |c 3  |d 3  |e 3 
040 |a DLC  |c DLC  |d TXA  |d UtOrBLW 
049 |a TXAM  |c [1633204] 
050 0 0 |a TA420  |b  B69 1982 
082 0 |a 620.1/2  |2 19 
100 1 |a Bodig, Jozsef. 
245 1 0 |a Mechanics of wood and wood composites /  |c Jozsef Bodig, Benjamin A. Jayne. 
264 1 |a New York :  |b Van Nostrand Reinhold,  |c [1982] 
264 4 |c ©1982 
300 |a xxi, 712 pages :  |b illustrations ;  |c 24 cm. 
336 |a text  |b txt  |2 rdacontent 
337 |a unmediated  |b n  |2 rdamedia 
338 |a volume  |b nc  |2 rdacarrier 
504 |a Includes bibliographical references and index. 
650 0 |a Wood. 
650 0 |a Composite materials. 
700 1 |a Jayne, Benjamin A. 
999 |a MARS 
999 f f |s 30b02199-8b2c-3d6d-b6fa-9c162c7e5520  |i 66526922-693c-3fe2-8f45-5bdeb99fc9d4  |t 0 
952 f f |p ric  |a Texas A&M University  |b Rellis Campus  |c Joint Library Facility  |d Remote Storage  |t 0  |e TA420 B69 1982  |h Library of Congress classification  |i unmediated -- volume  |m A14805958328 
998 f f |a TA420 B69 1982  |t 0  |l Remote Storage